Iconic Disney Characters - Statistics

General Stats
  • This quiz has been taken 96 times
  • The average score is 8 of 11
Answer Stats
Clue Character % Correct
Pirate formerly played by Johnny Depp Jack Sparrow
98%
Character in China who joins the army disguised as a man Mulan
98%
Stuffed doll cowboy who is the protagonist of his film(s). Woody
98%
Disney princess made in 1950 who has a fairy god-mother Cinderella
95%
Disney Princess who lives in the ocean, eventually breaking the rules to go on land. Ariel
94%
Character with extremely long hair living secluded in a tower Rapunzel
93%
Co-created in 1928, and originally voiced by Walt Disney himself Mickey Mouse
88%
Pixie with yellow hair who is related to Peter Pan Tinker Bell
88%
Character with orange hair separated from her sister for reasons unbeknownst to her for much of the film. Anna
59%
Name is both a play on words for Mirar, to look, and miracle, and is from a musical film. Mirabel
25%
First bisexual character in Disney history Luz Noceda
16%
No matching quizzes found
Score Distribution
Percent of People with Each Score
Percentile by Number Answered
Your Score History
You have not taken this quiz